| 000 | 01441nam a2200337 c 4500 | ||
|---|---|---|---|
| 003 | BLK | ||
| 005 | 20250509122742.0 | ||
| 008 | 180409b bul|||||r ||||||| ||bul|| | ||
| 010 | _aKNG00106811000 | ||
| 040 | _aBLK | ||
| 041 |
_aBUL _cBUL |
||
| 080 |
_aРуска литература _b821.161.1 _x-31 _z821.161.1-31 |
||
| 100 | 1 |
_aГогол, Николай Василиевич _eпърви автор _954566 |
|
| 700 | 1 |
_aПодвързачов, Димитър _eпрев. от рус. _9364693 |
|
| 139 |
_aГогол, Николай Василиевич _bГ 60 |
||
| 245 | 1 | 0 |
_aМъртви души _bПоема : Т. 1 - _cНиколай Василиевич Гогол; прев. от рус. Димитър Подвързачов. _nТ. 1 |
| 250 | _a16. изд. | ||
| 257 | _aRUS | ||
| 260 |
_аСофия _bОтечество _c1986 - |
||
| 300 | _c21 см | ||
| 380 | _aX | ||
| 490 | 1 | _aБиблиотека за ученика | |
| 500 | _aОриг. загл. Мертвые души / Н. Гоголь. - 1. изд. 1953, включено в Събрани съчинения в 6 т. | ||
| 760 | 1 |
_aГогол, Николай Василиевич _b16. изд. _d1986 _h256 с. : с портр. _n80 117 тир. _tТ. 1 |
|
| 852 | _aЦб 144375 | ||
| 856 | 4 |
_qpdf _u |
|
| 856 | 4 |
_qpdf _u |
|
| 942 |
_cKNG _n0 _05 |
||
| 944 |
_aCR _c30.06.2003 _k30542 _lРусанова Ирена |
||
| 944 |
_aED _c29.11.2005 _k |
||
| 999 |
_c101755 _d101755 |
||